000 00393cam a2200169 4500
001 D12271
008 090401t1898 xxu||||| |||| 00| 0 eng d
035 _a(Sirsi) u2416
041 _aeng
100 _aBrown, Archibald
245 4 _aThe rating of mines and quarries...
260 _aLondon
_bButterworth
_c1898
350 _a0
520 _aShelf 152
942 _n0
948 _c04/03/1997
999 _c85770
_d85770